Southville International School and Colleges
Your cart is empty.
  • Cart
  • Lists
    Public lists Eva Luna New books Lux_list list_1
    Your lists Log in to create your own lists
  • Log in to your account
  • Your cookies
  • Search history
Southville International School and Colleges
  • Advanced search
  • Recent comments
  • Most popular
  • Libraries

Log in to your account

Log in with GOOGLE


If you do not have an external account, but do have a local account, you can still log in:

  1. Home
  2. MARC view: You have the power to create Love/
Normal view MARC view ISBD view

You have the power to create Love/ (Record no. 105582)

[ view plain ]
MARC details
000 -LEADER
fixed length control field 00522nam a2200181 a 4500
005 - DATE AND TIME OF LATEST TRANSACTION
control field 20140412111407.0
008 - FIXED-LENGTH DATA ELEMENTS--GENERAL INFORMATION
fixed length control field 070912s19uu xx 00 eng d
020 ## - INTERNATIONAL STANDARD BOOK NUMBER
International Standard Book Number 971-92613-0-7
050 ## - LIBRARY OF CONGRESS CALL NUMBER
Classification number TR(GS) 302.3
Item number Sa223 2002
100 ## - MAIN ENTRY--PERSONAL NAME
Personal name Sanchez, Bo
245 ## - TITLE STATEMENT
Title You have the power to create Love/
Statement of responsibility, etc Bo Sanchez.
260 ## - PUBLICATION, DISTRIBUTION, ETC. (IMPRINT)
Place of publication, distribution, etc Philippines :
Name of publisher, distributor, etc Shepherd's Voice,
Date of publication, distribution, etc 2002.
300 ## - PHYSICAL DESCRIPTION
Extent 150p. ; cm
500 ## - GENERAL NOTE
General note Take another step on the simple path to happiness.
650 ## - SUBJECT ADDED ENTRY--TOPICAL TERM
Topical term or geographic name as entry element Love
650 ## - SUBJECT ADDED ENTRY--TOPICAL TERM
Topical term or geographic name as entry element Happiness
Holdings
Withdrawn status Lost status Damaged status Home library Current library Shelving location Date acquired Source of acquisition Total Checkouts Full call number Barcode Date last seen Price effective from Koha item type
      Elizalde Library Elizalde Library Teachers Reference Section 09/12/2007     TR(GS) 302.3 Sa223 2002 E10374 04/12/2014 04/12/2014 Books

You have the power to create Love/

APA

Sanchez B., . (2002). You have the power to create Love. Philippines: Shepherd's Voice.

Chicago

Sanchez Bo, . 2002. You have the power to create Love. Philippines: Shepherd's Voice.

Harvard

Sanchez B., . (2002). You have the power to create Love. Philippines: Shepherd's Voice.

MLA

Sanchez Bo, . You have the power to create Love. Philippines: Shepherd's Voice. 2002.

  • Place hold
  • Print
  • Cite
  • Add to your cart (remove)
  • Save record
    BIBTEX Dublin Core MARCXML MARC (non-Unicode/MARC-8) MARC (Unicode/UTF-8) MARC (Unicode/UTF-8, Standard) MODS (XML) RIS
  • More searches
    Search for this title in:
    Other Libraries (WorldCat) Other Databases (Google Scholar) Online Stores (Bookfinder.com) Open Library (openlibrary.org)

Exporting to Dublin Core...

SOUTHVILLE LIBRARY

Southville International School and Colleges Library

1281 Tropical Ave. Cor. Luxembourg St., BF Homes International, Las Pinas City

Tel. No. 8256374 / 252358 Loc. 117/146

Powered by Koha